000 00991cam a2200337Ia 4500
001 44022
005 20230410105402.0
008 040804s2003 sp b 001 0 spa d
035 _a(OCoLC)ocm56091893
040 _aPIF
_cPIF
_dOCLCQ
_dDRFGD
020 _a8484324826
020 _a9788484324829
035 _a(OCoLC)56091893
041 1 _aspa
_heng
050 1 4 _aHB 501
_bC161m 2003
100 1 _aCallinicos, Alex,
_d1950-
245 1 3 _aUn manifiesto anticapitalista /
_cAlex Callinicos; [traducción de Joan Lluis Riera Rey].
250 _a1a ed.
260 _aBarcelona, España :
_bCrítica,
_c2003.
300 _a188 p. ;
_c22 cm.
500 _aTranslation of: An anti-capitalist manifesto.
504 _aIncludes bibliographies and index.
650 0 _aCapitalism.
650 0 _aRadical economics.
650 0 _aGlobalization.
650 0 _aProtest movements.
700 1 _aRiera Rey, Joan Lluis.
942 _2lcc
_cbk
946 _almminaya
994 _aC0
_bDRFGD
999 _c35626
_d35626